Normal view MARC view
  • Marcílio, Maria Luiza

Entry Nombre Personal

Number of records used in: 1

001 - NUMERO DE CONTROL

  • campo de control: 51977

003 - IDENTIFICADOR DE NUMERO DE CONTROL

  • campo de control: DLC

005 - FECHA Y HORA DE LA ÜLTIMA TRANSACCIÓN

  • campo de control: 20240520132412.0

008 - DATOS DE LONGITUD FIJA

  • campo de control de longitud fija: 840409nn acnnnbabn |a aaa c

010 ## - NÚMERO DE CONTROL DE LA BIBLIOTECA DEL CONGRESO

  • Número de control LC: n 84800459

035 ## - NUMERO DE CONTROL

  • Número de control: (OCoLC)oca01074959

040 ## - FUENTE DE CATALOGACIÓN

  • Agencia original de catalogación: MH
  • Lenguaje de catalogación: spa
  • Description conventions: rda
  • Agencia de transcripción: MH
  • Agencia que lo modifica: BrSU
  • Agencia que lo modifica: CSt
  • Agencia que lo modifica: MX-MxUPN

100 1# - ENCABEZAMIENTO - NOMBRE PERSONAL

  • Nombre personal: Marcílio, Maria Luiza

377 ## - LENGUA ASOCIADA

  • Language code: por

400 1# - VEÁSE - NOMBRE DE PERSONA

  • Personal name: Marcílio, Maria L.
  • Fuller form of name: (Maria Luiza)

670 ## - FUENTE EN LA QUE SE LOCALIZARON DATOS

  • Cita de la fuente: A cidade de São Paulo, 1974, c1968:
  • Información localizada: (Maria Luiza Marcílio) spine (Maria L. Marcílio)

670 ## - FUENTE EN LA QUE SE LOCALIZARON DATOS

  • Cita de la fuente: LC data base, 2-29-84
  • Información localizada: (emto.: Marcílio, Maria Luiza; Marcilio, Maria Luiza)

670 ## - FUENTE EN LA QUE SE LOCALIZARON DATOS

  • Cita de la fuente: Crescimento demográfico e evolução agrária paulista (1700-1836), 1974:
  • Información localizada: portada (Maria Luiza Marcílio; tese de livre-docência, Departamento de História, Faculdade de Filosofia, Letras e Ciências Humanas, Universidade de São Paulo)

670 ## - FUENTE EN LA QUE SE LOCALIZARON DATOS

  • Cita de la fuente: História da alfabetização no Brasil, 2016 :
  • Información localizada: portada (Maria Luisa Marcilio)

902 ## - CATALOGADOR

  • Catalogador: VíctorGodínez/200524